01344nam a22001937a 4500003000600000005001700006008004100023020001900064020001500083040000800098082001300106245013300119260004800252300002900300500042400329505033200753650004701085650001801132GBCCL20241126110656.0210817b ||||| |||| 00| 0 eng d a9780805495805  a0805495800 chnc a239bHOL aIf God made the universe, who made God? : b130 arguments for Christian faith /c[compiled by the Holman Bible editorial staff]. aNashville, TN : bHolman Reference, c2012. axii, 208 pages ; c20 cm ancludes index. "Note on sources: Many of the essays included in this work were originally published in The apologetics study Bible (Nashville: B & H Publishing Group, 2007)--t.p. verso. " ... 130 essays written in defense of the Christian faith. Contributors include some of the pre-eminent apologists of our time, from Lee Strobel and Charles Colson to Hank Hanegraaff, J.P. Moreland, and Ravi Zacharias."--Back cover. a pt. 1. Apologetics: introductory issues -- pt. 2. The existence of God -- pt. 3. The Scriptures: their origin, history, and accuracy -- pt. 4. Jesus Christ -- pt. 5. Theology -- pt. 6. Science and faith -- pt. 7. Ethics -- pt. 8. Heaven, Hell, and the spiritual realm -- pt. 9. Cults and world religions -- pt. 10. Evangelism. aHolman Bible Publishers (Nashville, Tenn.) a Apologetics.